00628nam a22001817a 450000500170000000800410001704000070005804100120006508200210007710000130009824501530011126000420026430000320030644000370033865000170037565000390039270000150043120221219114412.0221219b ||||| |||| 00| 0 eng d cAL aEnglish 223a365.45bJAIF aM C Jain aFinal Report of the Commission of Inquiry On the Assassination of Shri Rajiv Gandhi Former Prime Minister of India On 21st May 1991 At Sriperumbudur aIndiabPrime Minister of India c1998 a238-338 p.bPBc29.5x21 cm. aVolume IX Annexures C-55 To C-99 aRajiv Gandhi aAssassination of Shri Rajiv Gandhi aJAIN (M C)